000
00309nam a22001337a 4500
008
170425b xxu||||| |||| 00| 0 eng d
020
_a
0895737485
041
_a
eng
080
_a
54
100
_a
12
101
_a
shm
245
_a
CAKE FORMATION IN PARTICULATE SYSTEM
_c
GRIFFITH.E.J
942
_2
udc
_c
BK
999
_c
11838
_d
11838